Masalah terkini di dalam Islam

Bibliographic Details
Main Author: Daud bin Mohamed Salleh
Format: Book
Published: Johor Bharu : Bismi Publishers/Penerbitan Al-Masyhur Sdn.Bhd. , 1995
Series:Kemusykilan agama
Subjects:

MARC

LEADER 00000cam a2200000 7i4500
001 0000008921
002 000009721
005 20000330.0
020 |a 9810032064 
090 0 0 |a 297.27   |b DAU 
100 0 |a Daud bin Mohamed Salleh   |f Ustaz 
245 1 0 |a Masalah terkini di dalam Islam   |c Ustaz Daud bin Mohamed Salleh 
255 |a Kemusykilan agama siri 2 
260 |a Johor Bharu :   |b Bismi Publishers/Penerbitan Al-Masyhur Sdn.Bhd. ,   |c 1995 
300 |a 173 p. ;   |c 22 cm. 
490 0 |a Kemusykilan agama 
650 0 0 |a Islam and social problems 
999 |a 044084   |b BUKU   |c PINJAMAN   |e PERPUSTAKAAN KOMUNITI PETALING JAYA 
999 |a 044085   |b BUKU   |c PINJAMAN   |e PERPUSTAKAAN KOMUNITI PETALING JAYA